[Event "Sofia MGU op 199th"]
[Site "Sofia"]
[Date "2017.12.23"]
[Round "2"]
[White "Ivanov, Oleg2222"]
[Black "Simeonov, Daniel"]
[Result "1-0"]
[WhiteElo "1540"]
[BlackElo "1576"]
[PlyCount "31"]
[EventDate "2017.12.23"]
[EventType "swiss"]
[EventRounds "6"]
[EventCountry "BUL"]
[SourceTitle "CBM 182 Extra"]
[Source "ChessBase"]
[SourceDate "2018.02.23"]
[SourceVersion "1"]
[SourceVersionDate "2018.02.23"]
[SourceQuality "1"]

1. Nf3 d5 2. d4 Bg4 3. g3 Nf6 4. Bg2 e6 5. 0-0 Bd6 6. Nbd2 Nbd7 7. c4 c5 8. Qc2 Rc8 9. e4 dxe4 10. Nxe4 Nxe4 11. Qxe4 Bxf3 12. Bxf3 b6 13. b3 cxd4 14. Bb2 Nf6 15. Qxd4 0-0 16. Rad1 1-0

[Event "Sofia MGU blitz 12th"]
[Site "Sofia"]
[Date "2017.12.09"]
[Round "7"]
[White "Ivanov, Daniel"]
[Black "Simeonov, Daniel"]
[Result "0-1"]
[WhiteElo "1758"]
[BlackElo "1522"]
[PlyCount "73"]
[EventDate "2017.12.09"]
[EventType "tourn (blitz)"]
[EventRounds "10"]
[EventCountry "BUL"]
[SourceTitle "CBM 182 Extra"]
[Source "ChessBase"]
[SourceDate "2018.02.23"]
[SourceVersion "1"]
[SourceVersionDate "2018.02.23"]
[SourceQuality "1"]

1. e4 d6 2. d4 b6 3. Bd3 Bb7 4. Nf3 h6 5. c4 c5 6. d5 Nf6 7. e5 dxe5 8. Nxe5 Nbd7 9. Nf3 g6 10. Nc3 Bg7 11. 0-0 Qc7 12. Re1 Qd6 13. Ne4 Nxe4 14. Rxe4 0-0 15. Qc2 Nf6 16. Re1 Rad8 17. h3 e6 18. Be3 exd5 19. Rad1 d4 20. Bc1 Qc6 21. Bf1 Nh5 22. Rd3 Qf6 23. b3 Nf4 24. Bxf4 Qxf4 25. Re7 Bc6 26. g3 Qf6 27. Qe2 Rfe8 28. Rxe8+ Rxe8 29. Qd1 g5 30. Bg2 h5 31. b4 g4 32. hxg4 hxg4 33. Nh4 Bh6 34. Bxc6 Qxc6 35. Qxg4+ Kh7 36. Qf5+ Kg7 37. Rf3 0-1

[Event "Sofia MGU blitz 12th"]
[Site "Sofia"]
[Date "2017.12.09"]
[Round "8"]
[White "Simeonov, Daniel"]
[Black "Babatov, Martin"]
[Result "1/2-1/2"]
[WhiteElo "1522"]
[BlackElo "1578"]
[PlyCount "112"]
[EventDate "2017.12.09"]
[EventType "tourn (blitz)"]
[EventRounds "10"]
[EventCountry "BUL"]
[SourceTitle "CBM 182 Extra"]
[Source "ChessBase"]
[SourceDate "2018.02.23"]
[SourceVersion "1"]
[SourceVersionDate "2018.02.23"]
[SourceQuality "1"]

1. e4 c6 2. Nf3 d5 3. e5 Bg4 4. d4 e6 5. Be2 Ne7 6. h3 Bxf3 7. Bxf3 Nf5 8. c3 Be7 9. 0-0 0-0 10. Nd2 Nd7 11. Qe2 Rc8 12. g4 Nh4 13. Bh1 a6 14. Nf3 Nxf3+ 15. Qxf3 c5 16. Be3 cxd4 17. Bxd4 Bc5 18. Qe3 Bxd4 19. cxd4 Rc7 20. Rac1 Rxc1 21. Rxc1 Qb8 22. Bf3 Rc8 23. Be2 Nb6 24. b3 Rxc1+ 25. Qxc1 Qc8 26. Qxc8+ Nxc8 27. f4 Kf8 28. Kf2 Ke7 29. Bd3 Na7 30. a4 Nc6 31. Ke3 Kd7 32. h4 h6 33. g5 hxg5 34. fxg5 g6 35. Be2 Na5 36. b4 Nc6 37. b5 axb5 38. Bxb5 Kc7 39. Kd3 Kd8 40. Bxc6 bxc6 41. Kc3 Kc7 42. Kb4 Kb6 43. a5+ Ka6 44. Kc5 Kxa5 45. Kxc6 Kb4 46. Kd6 Kc4 47. Ke7 Kxd4 48. Kxf7 Kxe5 49. h5 d4 50. h6 d3 51. h7 Ke4 52. h8Q d2 53. Qh1+ Kd3 54. Kxe6 Ke2 55. Qf3+ Ke1 56. Qc3 Kd1 1/2-1/2

[Event "Sofia MGU blitz 10th"]
[Site "Sofia"]
[Date "2017.11.25"]
[Round "14"]
[White "Ivanov, Daniel"]
[Black "Simeonov, Daniel"]
[Result "1-0"]
[WhiteElo "1758"]
[BlackElo "1522"]
[PlyCount "117"]
[EventDate "2017.11.25"]
[EventType "tourn (blitz)"]
[EventRounds "18"]
[EventCountry "BUL"]
[SourceTitle "EXT 2019"]
[Source "ChessBase"]
[SourceDate "2018.10.10"]
[SourceVersion "1"]
[SourceVersionDate "2018.10.10"]
[SourceQuality "1"]

1. e4 e6 2. d4 c5 3. c3 cxd4 4. cxd4 d6 5. Nf3 Nc6 6. Nc3 a6 7. Be2 h6 8. 0-0 Be7 9. Be3 Nf6 10. Rc1 0-0 11. a3 Bd7 12. d5 Ne5 13. Nxe5 dxe5 14. d6 Bxd6 15. Qxd6 Bc6 16. Qxd8 Raxd8 17. f3 Rd7 18. Rfd1 Rfd8 19. Rxd7 Rxd7 20. Rd1 Ne8 21. Rxd7 Bxd7 22. Bc4 b5 23. Ba2 Nd6 24. b4 g5 25. Bc5 Ne8 26. Kf2 Kg7 27. Ke3 Nf6 28. g4 Bc6 29. h3 Nd7 30. Bb3 Kf6 31. a4 Nxc5 32. bxc5 b4 33. Ne2 Ke7 34. Ng3 f6 35. Kd3 a5 36. Kc4 Kf7 37. Bc2 Kg6 38. Kb3 Kf7 39. Bd3 Ke7 40. Bb5 Bb7 41. Kc4 Ba8 42. c6 Kd6 43. Nh5 f5 44. gxf5 exf5 45. Ng3 Bxc6 46. Nxf5+ Kc7 47. Bxc6 Kxc6 48. Nxh6 Kd6 49. Nf7+ Ke6 50. Nxg5+ Kf6 51. h4 Kg6 52. Ne6 Kf6 53. Nc5 Kg6 54. Nb7 Kh5 55. Nxa5 Kxh4 56. Nc6 b3 57. Kxb3 Kg3 58. Nxe5 Kf4 59. Kc4 1-0

[Event "Sofia MGU op 188th"]
[Site "Sofia"]
[Date "2017.07.16"]
[Round "6"]
[White "Simeonov, Daniel"]
[Black "Kostov, Nikolai"]
[Result "1-0"]
[WhiteElo "1491"]
[BlackElo "1680"]
[PlyCount "87"]
[EventDate "2017.07.15"]
[EventType "swiss"]
[EventRounds "6"]
[EventCountry "BUL"]
[SourceTitle "CBM 179 Extra"]
[Source "ChessBase"]
[SourceDate "2017.08.23"]
[SourceVersion "1"]
[SourceVersionDate "2017.08.23"]
[SourceQuality "1"]

1. d4 Nf6 2. c4 e6 3. Nc3 d5 4. e3 a6 5. a3 dxc4 6. Bxc4 b5 7. Ba2 Bb7 8. Nf3 c5 9. 0-0 Qc7 10. Ne2 Bd6 11. Ng3 h5 12. dxc5 Bxg3 13. fxg3 Nbd7 14. b4 Qc6 15. Bb2 0-0-0 16. Qe2 Rdg8 17. Nd4 Qe4 18. c6 h4 19. cxb7+ Kxb7 20. Qf3 hxg3 21. h3 Ne5 22. Qxe4+ Nxe4 23. Nf3 Nxf3+ 24. Rxf3 Ng5 25. Rxg3 f6 26. Rd1 Rd8 27. Bb3 Rxd1+ 28. Bxd1 e5 29. h4 Rxh4 30. Bf3+ Kb6 31. Bd5 a5 32. Bc3 axb4 33. Bxb4 e4 34. Kf2 Rh8 35. Rg4 Re8 36. Rh4 Re5 37. Bb3 Re8 38. Rh1 Rd8 39. Ke2 Kb7 40. Rd1 Rc8 41. Rd7+ Rc7 42. Bd5+ Kc8 43. Rxc7+ Kxc7 44. Bf8 1-0

[Event "Sofia MGU op 187th"]
[Site "Sofia"]
[Date "2017.07.08"]
[Round "1"]
[White "Simeonov, Daniel"]
[Black "Babatov, Martin"]
[Result "0-1"]
[WhiteElo "1491"]
[BlackElo "1771"]
[PlyCount "70"]
[EventDate "2017.07.08"]
[EventType "swiss"]
[EventRounds "6"]
[EventCountry "BUL"]
[SourceTitle "CBM 179 Extra"]
[Source "ChessBase"]
[SourceDate "2017.08.23"]
[SourceVersion "1"]
[SourceVersionDate "2017.08.23"]
[SourceQuality "1"]

1. d4 d5 2. Nf3 Nf6 3. c4 c6 4. e3 Bf5 5. Nc3 e6 6. Nd2 Nbd7 7. Be2 Be7 8. 0-0 0-0 9. f3 e5 10. dxe5 Nxe5 11. e4 Bc5+ 12. Kh1 dxe4 13. fxe4 Bg4 14. Qe1 Qd7 15. Nf3 Bxf3 16. gxf3 Qd4 17. Bg5 Qd6 18. f4 Nd3 19. e5 Nxe1 20. exd6 Nc2 21. Bxf6 Nxa1 22. Ne4 gxf6 23. Rxa1 Bd4 24. c5 f5 25. Ng3 Bxc5 26. Nxf5 Kh8 27. a3 Rae8 28. Bc4 Re4 29. b3 Rxf4 30. Re1 Rxf5 31. d7 Rg5 32. Bxf7 Kg7 33. h4 Rg1+ 34. Rxg1+ Bxg1 35. Kxg1 Kxf7 0-1

[Event "Sofia MGU op 186th"]
[Site "Sofia"]
[Date "2017.05.28"]
[Round "4"]
[White "Kostov, Nikolai"]
[Black "Simeonov, Daniel"]
[Result "1-0"]
[WhiteElo "1674"]
[BlackElo "1481"]
[PlyCount "59"]
[EventDate "2017.05.27"]
[EventType "swiss"]
[EventRounds "6"]
[EventCountry "BUL"]
[SourceTitle "CBM 178 Extra"]
[Source "ChessBase"]
[SourceDate "2017.06.22"]
[SourceVersion "1"]
[SourceVersionDate "2017.06.22"]
[SourceQuality "1"]

1. d4 e6 2. e3 Nf6 3. Bd3 c5 4. c3 d5 5. f4 b6 6. Nf3 Be7 7. Ne5 Qc7 8. 0-0 0-0 9. Nd2 Ba6 10. Rf3 Bxd3 11. Nxd3 Nbd7 12. Ne5 Ne4 13. Rh3 Ndf6 14. g4 Nxd2 15. Bxd2 Ne4 16. g5 f6 17. Qh5 fxe5 18. Qxh7+ Kf7 19. Qh5+ g6 20. Qh7+ Ke8 21. Rd1 exf4 22. Qxg6+ Kd8 23. Qxe6 Nxd2 24. Qxd5+ Bd6 25. Qxa8+ Kd7 26. Rh7+ Be7 27. Qxf8 Qd6 28. Qxe7+ Qxe7 29. Rxe7+ Kxe7 30. Rxd2 1-0